[Event "Paracin 2023"]
[Site "Paracin, Serbia"]
[Date "2023.07.13"]
[Round "7.1"]
[White "Gundavaa, Bayarsaikhan"]
[Black "Itgelt, Khuyagtsogt"]
[Result "1-0"]
[WhiteElo "2510"]
[BlackElo "2321"]
[PlyCount "105"]
[EventDate "2023.??.??"]

1. d4 Nf6 2. c4 g6 3. Nc3 d5 4. cxd5 Nxd5 5. e4 Nxc3 6. bxc3 Bg7 7. Be3 c5 8.
Rc1 Qa5 9. Qd2 O-O 10. Nf3 cxd4 11. cxd4 Qxd2+ 12. Nxd2 e6 13. Nb3 Nc6 14. Bb5
Rd8 15. Bxc6 bxc6 16. O-O a5 17. a4 Bf8 18. f3 Bb4 19. Bg5 Re8 20. Bf6 Bd7 21.
Rc4 e5 22. Nc5 Bxc5 23. Rxc5 exd4 24. Rd1 Reb8 25. Rxd4 Rb7 26. Kf2 h6 27. h4
h5 28. Kg3 Kf8 29. Kf4 Ke8 30. g4 Kf8 31. gxh5 Be8 32. Re5 c5 33. Rxc5 Kg8 34.
Rd8 Rxd8 35. Bxd8 Rb8 36. Bxa5 Bxa4 37. Bc3 Be8 38. hxg6 fxg6 39. Rc7 Bf7 40.
Bf6 Ra8 41. Kg5 Ra5+ 42. e5 Ra8 43. f4 Rb8 44. h5 gxh5 45. f5 Re8 46. Be7 h4
47. e6 Bxe6 48. fxe6 h3 49. Kf6 h2 50. Rc1 Ra8 51. Bd6 Ra2 52. e7 Re2 53. Be5
1-0

[Event "Paracin 2023"]
[Site "Paracin, Serbia"]
[Date "2023.07.13"]
[Round "7.2"]
[White "Low, Zhen Yu Cyrus"]
[Black "Urazayev, Arystanbek"]
[Result "0-1"]
[WhiteElo "2444"]
[BlackElo "2427"]
[PlyCount "104"]
[EventDate "2023.??.??"]

1. e4 e5 2. Nf3 Nc6 3. Bc4 Bc5 4. c3 Nf6 5. d3 d6 6. O-O a5 7. Re1 O-O 8. h3 h6
9. Bb5 Ba7 10. Nbd2 Ne7 11. Nf1 Ng6 12. Ng3 c6 13. Ba4 d5 14. exd5 Nxd5 15. d4
exd4 16. Nxd4 Qc7 17. Ndf5 Bxf5 18. Nxf5 Rfe8 19. Bb3 Re5 20. Nd4 Rae8 21. Bd2
Rxe1+ 22. Bxe1 Ndf4 23. Bd2 c5 24. Bxf4 Nxf4 25. Nb5 Qc6 26. Qf3 Qxf3 27. gxf3
Bb8 28. h4 Re2 29. Rd1 Be5 30. Nd6 Nh3+ 31. Kg2 Nxf2 32. Kf1 Nxd1 33. Kxe2
Nxc3+ 34. bxc3 Bxd6 35. h5 b5 36. Bd5 Kf8 37. a3 Ke7 38. Bc6 b4 39. cxb4 cxb4
40. axb4 Bxb4 41. f4 Kf6 42. Kf3 Bd2 43. Kg4 g6 44. hxg6 Kxg6 45. f5+ Kf6 46.
Be8 Ke7 47. Ba4 Kd6 48. Bc2 Ke5 49. Kh5 f6 50. Kg4 Kd4 51. Kf3 h5 52. Ba4 h4
0-1

[Event "Paracin 2023"]
[Site "Paracin, Serbia"]
[Date "2023.07.13"]
[Round "7.3"]
[White "Damjanovic, Vuk"]
[Black "Pranesh, M."]
[Result "1/2-1/2"]
[WhiteElo "2376"]
[BlackElo "2507"]
[PlyCount "43"]
[EventDate "2023.??.??"]

1. d4 d5 2. Nf3 Nf6 3. c4 c6 4. e3 e6 5. Nbd2 c5 6. cxd5 Nxd5 7. Nb3 cxd4 8.
Nbxd4 Be7 9. Be2 O-O 10. O-O Bd7 11. Bd2 Nc6 12. Nxc6 Bxc6 13. Nd4 Bd7 14. Bf3
Qb6 15. Qb3 Qxb3 16. axb3 Bf6 17. Bxd5 exd5 18. Bc3 Bxd4 19. Bxd4 a6 20. Rfc1
Bc6 21. f3 f6 22. Kf2 1/2-1/2

[Event "Paracin 2023"]
[Site "Paracin, Serbia"]
[Date "2023.07.13"]
[Round "7.4"]
[White "Bryakin, Mikhail"]
[Black "Mamatov, Melis"]
[Result "1-0"]
[WhiteElo "2454"]
[BlackElo "2403"]
[PlyCount "109"]
[EventDate "2023.??.??"]

1. d4 d5 2. c4 c6 3. Nf3 Nf6 4. Nbd2 g6 5. e3 Bg7 6. b3 O-O 7. Bb2 Nbd7 8. Bd3
c5 9. O-O b6 10. Qe2 cxd4 11. exd4 Nh5 12. Qe3 Bb7 13. Rad1 Rc8 14. Rfe1 Re8
15. Ne5 e6 16. Ndf3 Nhf6 17. Ng5 Nxe5 18. dxe5 Nd7 19. Qf4 Qe7 20. cxd5 Bxd5
21. Bb5 Red8 22. Rxd5 exd5 23. e6 f6 24. Nf7 Nc5 25. Nxd8 Rxd8 26. h4 Ne4 27.
a4 f5 28. Bxg7 Kxg7 29. f3 Nf6 30. Qe5 h5 31. g4 hxg4 32. fxg4 fxg4 33. Rf1 Rh8
34. Rc1 Rh5 35. Qb8 Rh8 36. Rc7 Rxb8 37. Rxe7+ Kh6 38. Rf7 Ne4 39. e7 Nd6 40.
Rf6 Rb7 41. Rxd6 Rxe7 42. Rxd5 Re3 43. Bc4 Rh3 44. Kg2 Rxh4 45. Rd7 a5 46. Rd6
Kg5 47. Rxb6 Rh3 48. Bf7 Rd3 49. Rxg6+ Kf5 50. Rc6 Rd2+ 51. Kg3 Rd3+ 52. Kf2
g3+ 53. Kg2 Ke5 54. Rc5+ Kf4 55. Rc4+ 1-0

[Event "Paracin 2023"]
[Site "Paracin, Serbia"]
[Date "2023.07.13"]
[Round "7.5"]
[White "Atalik, Suat"]
[Black "Uskov, Artem"]
[Result "1/2-1/2"]
[WhiteElo "2438"]
[BlackElo "2371"]
[PlyCount "91"]
[EventDate "2023.??.??"]

1. c4 e5 2. Nf3 e4 3. Nd4 Nc6 4. e3 Nf6 5. Nc3 g6 6. d3 exd3 7. Bxd3 Bg7 8.
Nde2 d5 9. cxd5 Nxd5 10. Bb5 Nxc3 11. Bxc6+ bxc6 12. Qxd8+ Kxd8 13. bxc3 Ba6
14. Ba3 Rb8 15. Nd4 Bxd4 16. O-O-O Kc8 17. Rxd4 Rd8 18. Rhd1 Rxd4 19. cxd4 Bc4
20. Rd2 Rb5 21. Bc5 f5 22. f3 Bd5 23. a3 Rb3 24. Re2 Bc4 25. Re1 Bd3 26. Kd2
Bb5 27. e4 fxe4 28. fxe4 Kd7 29. Re3 Rb2+ 30. Kc3 Rxg2 31. Rh3 h5 32. Bxa7 Ke6
33. Bb8 Re2 34. Rg3 Kd7 35. Rxg6 Kc8 36. Ba7 Rxe4 37. Kb4 Re2 38. Bc5 Rb2+ 39.
Kc3 Rxh2 40. Rg8+ Kb7 41. Rg7 Rh3+ 42. Kb4 Kc8 43. Rg8+ Kb7 44. Rg7 Kc8 45.
Rg8+ Kb7 46. Rg7 1/2-1/2

[Event "Paracin 2023"]
[Site "Paracin, Serbia"]
[Date "2023.07.13"]
[Round "7.6"]
[White "Efremov, Vladislav"]
[Black "Wen, Tommy"]
[Result "1-0"]
[WhiteElo "2356"]
[BlackElo "2406"]
[PlyCount "39"]
[EventDate "2023.??.??"]

1. d4 Nf6 2. c4 g6 3. Nc3 d5 4. Bg5 Bg7 5. Bxf6 Bxf6 6. cxd5 c5 7. dxc5 O-O 8.
e4 Qa5 9. Rc1 Nd7 10. Nf3 Nxc5 11. e5 Bg7 12. Qd4 f6 13. Bb5 a6 14. Qxc5 axb5
15. b4 Qd8 16. O-O fxe5 17. Nxb5 Bd7 18. d6 Bf6 19. Nxe5 Rc8 20. dxe7 1-0

[Event "Paracin 2023"]
[Site "Paracin, Serbia"]
[Date "2023.07.13"]
[Round "7.7"]
[White "Spasic, Petar"]
[Black "Ivanisevic, Ivan"]
[Result "0-1"]
[WhiteElo "2303"]
[BlackElo "2536"]
[PlyCount "100"]
[EventDate "2023.??.??"]

1. e4 c5 2. Nf3 a6 3. Nc3 b5 4. g3 Bb7 5. d3 g6 6. Bg2 Bg7 7. O-O Nc6 8. Be3
Nd4 9. e5 Nh6 10. Ne4 Nhf5 11. Nxc5 Bxf3 12. Bxf3 Nxf3+ 13. Qxf3 Bxe5 14. a4
O-O 15. axb5 axb5 16. c3 d6 17. Nb3 Ra4 18. d4 Bf6 19. Qc6 Qe8 20. Qxe8 Rxe8
21. Rxa4 bxa4 22. Nc1 a3 23. bxa3 Ra8 24. Ne2 Rxa3 25. Rc1 d5 26. Rc2 h5 27.
Kg2 e6 28. Bf4 Ra4 29. Rb2 g5 30. Bc7 Kg7 31. h3 Ra8 32. Bb8 Kg6 33. Kf3 Ra3
34. Kg2 Ra1 35. Bc7 Be7 36. Rc2 Bd6 37. Bxd6 Nxd6 38. Nc1 Nc4 39. Kf3 Rb1 40.
Ne2 Re1 41. Kg2 Kf5 42. Ng1 Rd1 43. Nf3 g4 44. hxg4+ hxg4 45. Nh2 Rd2 46. Rc1
Ne3+ 47. Kg1 Rd1+ 48. Rxd1 Nxd1 49. f3 gxf3 50. Nxf3 f6 0-1

[Event "Paracin 2023"]
[Site "Paracin, Serbia"]
[Date "2023.07.13"]
[Round "7.8"]
[White "Pavlov, Mark"]
[Black "Arnaudov, G. Petar"]
[Result "1/2-1/2"]
[WhiteElo "2286"]
[BlackElo "2450"]
[PlyCount "99"]
[EventDate "2023.??.??"]

1. d4 f5 2. c4 Nf6 3. Nc3 e6 4. Qc2 b6 5. e3 Bb7 6. f3 g6 7. Bd3 c5 8. Nge2 Nc6
9. a3 Bg7 10. O-O O-O 11. dxc5 bxc5 12. Rb1 a5 13. Rd1 Qe7 14. Bd2 g5 15. Be1
Kh8 16. Qb3 Rab8 17. Bg3 f4 18. exf4 Nh5 19. Bf2 Nd4 20. Nxd4 cxd4 21. Nb5 Nxf4
22. Bf1 e5 23. Rd2 d5 24. Re1 dxc4 25. Qxc4 Qf6 26. Nxd4 exd4 27. Bxd4 Qf7 28.
Qc5 Rbc8 29. Qxa5 h6 30. b4 g4 31. Bxg7+ Qxg7 32. fxg4 Qxg4 33. Qe5+ Kg8 34.
Qe3 Rce8 35. Bc4+ Bd5 36. Bxd5+ Nxd5 37. Qxe8 Rxe8 38. Rxe8+ Kf7 39. Re5 Nf4
40. Re3 Qc8 41. Kf2 Qc1 42. Rd6 Qc2+ 43. Kf3 Qxg2+ 44. Kxf4 Qxh2+ 45. Rg3 h5
46. Kf3 Qh1+ 47. Kf2 Qh2+ 48. Kf3 Qh1+ 49. Kf2 h4 50. Rgg6 1/2-1/2

[Event "Paracin 2023"]
[Site "Paracin, Serbia"]
[Date "2023.07.13"]
[Round "7.9"]
[White "Stoyanov, Viktor"]
[Black "Damljanovic, Branko"]
[Result "0-1"]
[WhiteElo "2258"]
[BlackElo "2422"]
[PlyCount "66"]
[EventDate "2023.??.??"]

1. d4 d6 2. Nf3 g6 3. c4 Bg7 4. Nc3 Bg4 5. e3 c5 6. Be2 Nc6 7. d5 Na5 8. Qa4+
Bd7 9. Qc2 Nf6 10. O-O O-O 11. h3 e5 12. a3 b6 13. Nd2 Ne8 14. b4 Nb7 15. Bb2
f5 16. f4 g5 17. Rae1 Qe7 18. Nd1 cxb4 19. axb4 a5 20. b5 Rc8 21. Qb1 Nc5 22.
Kh2 Nf6 23. fxg5 Nfe4 24. Nxe4 Nxe4 25. Qd3 Qxg5 26. Nc3 Qg3+ 27. Kg1 Ng5 28.
Qd2 Rf6 29. Rf3 Nxf3+ 30. Bxf3 Rxc4 31. e4 Bh6 32. Qf2 Qxf2+ 33. Kxf2 Bd2 0-1

[Event "Paracin 2023"]
[Site "Paracin, Serbia"]
[Date "2023.07.13"]
[Round "7.10"]
[White "Tulchynskyi, Feliks"]
[Black "Mitsis, Georgios"]
[Result "0-1"]
[WhiteElo "2248"]
[BlackElo "2412"]
[PlyCount "72"]
[EventDate "2023.??.??"]

1. d4 Nf6 2. c4 e6 3. Nc3 Bb4 4. e3 O-O 5. Bd3 d5 6. Nf3 dxc4 7. Bxc4 c5 8. O-O
Nc6 9. a3 Ba5 10. Qd3 a6 11. dxc5 Qxd3 12. Bxd3 Bxc3 13. bxc3 Na5 14. Rb1 Rd8
15. Bc2 Rd5 16. Rd1 Rxd1+ 17. Bxd1 Ne4 18. Bd2 Nxc5 19. Ne5 Nd7 20. Nf3 b5 21.
a4 bxa4 22. Bxa4 Nc5 23. Bc2 Bb7 24. Ne5 Bd5 25. f3 Bb3 26. Ra1 Nab7 27. Bxb3
Nxb3 28. Ra2 Rd8 29. Be1 f6 30. Nc6 Rd1 31. Kf1 N7c5 32. Ke2 Rd6 33. Ne7+ Kf7
34. Ra3 Kxe7 35. c4 Nc1+ 36. Kf1 Rd1 0-1

[Event "Paracin 2023"]
[Site "Paracin, Serbia"]
[Date "2023.07.13"]
[Round "7.11"]
[White "Tsvetkov, Andrey"]
[Black "Zhukov, Anton"]
[Result "1/2-1/2"]
[WhiteElo "2412"]
[BlackElo "2215"]
[PlyCount "52"]
[EventDate "2023.??.??"]

1. c4 Nf6 2. Nc3 e6 3. d4 Bb4 4. e3 O-O 5. Bd3 Re8 6. Nf3 c5 7. O-O Bxc3 8.
bxc3 d6 9. e4 e5 10. Bg5 h6 11. Bh4 Nbd7 12. Bc2 Qe7 13. Ba4 Rd8 14. Bxd7 Bxd7
15. h3 exd4 16. cxd4 Qxe4 17. Bxf6 gxf6 18. Qd2 Qg6 19. Kh2 cxd4 20. Qxd4 Bc6
21. Nh4 Qg5 22. Rae1 d5 23. Nf3 Qg6 24. Nh4 Qg5 25. Nf3 Qg6 26. Nh4 Qg5 1/2-1/2

[Event "Paracin 2023"]
[Site "Paracin, Serbia"]
[Date "2023.07.13"]
[Round "7.12"]
[White "Ristic, Nenad"]
[Black "Djordjevic, Vuk"]
[Result "1/2-1/2"]
[WhiteElo "2248"]
[BlackElo "2385"]
[PlyCount "176"]
[EventDate "2023.??.??"]

1. e4 e6 2. d4 d5 3. Nc3 Bb4 4. Nge2 dxe4 5. a3 Bxc3+ 6. Nxc3 Nc6 7. d5 exd5 8.
Qxd5 Be6 9. Qxe4 Nf6 10. Qa4 O-O 11. Bd2 Bg4 12. h3 Re8+ 13. Be3 Bf5 14. Rd1
Qc8 15. g4 Bd7 16. Bg2 Ne5 17. Qf4 Bc6 18. Bxc6 Nxc6 19. O-O Re5 20. Qf3 Re6
21. Bf4 Nd7 22. Nb5 Nde5 23. Qg3 a6 24. Bxe5 Nxe5 25. Nd4 Re8 26. Rfe1 f6 27.
Nf5 Qe6 28. Qe3 Rad8 29. Rxd8 Rxd8 30. f4 Nf3+ 31. Kf2 Qxe3+ 32. Rxe3 Nd4 33.
Rd3 Ne6 34. Rxd8+ Nxd8 35. Nd4 Kf7 36. Ke3 Ke7 37. Ke4 Kd7 38. c4 b6 39. b4 Nb7
40. Nf5 g6 41. Ne3 c6 42. h4 Nd6+ 43. Kd4 Ne8 44. c5 b5 45. Ke4 Ke7 46. Nc2 Kd8
47. Nd4 Kd7 48. g5 f5+ 49. Ke5 Ng7 50. Ne2 Nh5 51. Ng1 Ke7 52. Nf3 Ng7 53. Nd2
Kd7 54. Nb3 Ne6 55. h5 gxh5 56. Kxf5 Ke7 57. Nd2 Nd4+ 58. Ke5 Nc2 59. f5 Nxa3
60. f6+ Kf7 61. Nf3 Nc4+ 62. Kf5 Ne3+ 63. Ke4 Nc4 64. Nd4 a5 65. bxa5 Nxa5 66.
Nf5 b4 67. Kd4 b3 68. Kc3 Kg6 69. Nh4+ Kf7 70. Nf3 Kf8 71. Nh4 Ke8 72. Nf5 Kf7
73. Kb2 Ke6 74. Ng7+ Kf7 75. Nxh5 Nb7 76. Kxb3 Nxc5+ 77. Kc4 Ne6 78. Ng3 Kg6
79. Ne4 Kf5 80. Kd3 Kf4 81. f7 Kf5 82. Nf6 Kg6 83. Kc4 h6 84. Nd7 h5 85. f8=Q
Nxf8 86. Nxf8+ Kxg5 87. Ne6+ Kg4 88. Kd3 Kg3 1/2-1/2

[Event "Paracin 2023"]
[Site "Paracin, Serbia"]
[Date "2023.07.13"]
[Round "7.13"]
[White "Shahil, Dey"]
[Black "Nurgali, Nazerke"]
[Result "1-0"]
[WhiteElo "2333"]
[BlackElo "2192"]
[PlyCount "69"]
[EventDate "2023.??.??"]

1. e4 c6 2. d4 d5 3. Nd2 dxe4 4. Nxe4 Nf6 5. Nxf6+ exf6 6. c3 Bd6 7. Bd3 O-O 8.
Qc2 Re8+ 9. Ne2 h5 10. O-O h4 11. h3 Nd7 12. Bd2 Nf8 13. Rae1 g6 14. Nf4 Rxe1
15. Rxe1 Kg7 16. Bc1 Bxf4 17. Bxf4 Be6 18. Bc1 Kg8 19. b3 f5 20. Qd2 Nh7 21.
Qh6 Qf6 22. Be3 Bd7 23. Bf4 Qg7 24. Qxg7+ Kxg7 25. Re7 Be6 26. Rxb7 g5 27. Be5+
Nf6 28. Rc7 Kg6 29. Rxc6 Nd7 30. Bc7 Kg7 31. c4 Nf8 32. d5 Bd7 33. Be5+ Kg8 34.
Rc7 g4 35. Bd6 1-0

[Event "Paracin 2023"]
[Site "Paracin, Serbia"]
[Date "2023.07.13"]
[Round "7.14"]
[White "Aaditya, Dhingra"]
[Black "Becker, Marcel"]
[Result "1/2-1/2"]
[WhiteElo "2144"]
[BlackElo "2323"]
[PlyCount "54"]
[EventDate "2023.??.??"]

1. Nf3 d5 2. c4 c6 3. g3 Nf6 4. Bg2 Bf5 5. Qb3 Qb6 6. d3 e6 7. Be3 dxc4 8. Qxc4
Qxb2 9. Bd4 Qb4+ 10. Nbd2 Qxc4 11. Nxc4 Bb4+ 12. Kf1 Na6 13. Nh4 Bg6 14. Nxg6
hxg6 15. Rb1 O-O-O 16. Bxa7 Bc5 17. Bxc5 Nxc5 18. Bf3 g5 19. g4 Nd5 20. Ne5
Rhf8 21. h4 gxh4 22. Rxh4 Nd7 23. Nxd7 Rxd7 24. g5 Kc7 25. Bxd5 Rxd5 26. Rhb4
b5 27. a4 Rxg5 1/2-1/2

[Event "Paracin 2023"]
[Site "Paracin, Serbia"]
[Date "2023.07.13"]
[Round "7.15"]
[White "Jin, Yueheng"]
[Black "Raahul, V S."]
[Result "1/2-1/2"]
[WhiteElo "2113"]
[BlackElo "2319"]
[PlyCount "69"]
[EventDate "2023.??.??"]

1. d4 Nf6 2. c4 e6 3. g3 Bb4+ 4. Bd2 Qe7 5. Bg2 O-O 6. Nf3 Bxd2+ 7. Qxd2 d6 8.
Nc3 e5 9. O-O a5 10. e4 Nc6 11. h3 h6 12. Rfe1 Nh7 13. b3 Ng5 14. Nxg5 hxg5 15.
d5 Nb8 16. Nd1 Nd7 17. Nb2 Nc5 18. Nd3 b6 19. Qc3 g6 20. a3 f5 21. Nxc5 bxc5
22. b4 cxb4 23. axb4 axb4 24. Qxb4 Rxa1 25. Rxa1 fxe4 26. Qe1 g4 27. hxg4 Bxg4
28. Qxe4 Bf5 29. Qe3 Rb8 30. Rc1 Rb1 31. Rxb1 Bxb1 32. Be4 Bxe4 33. Qxe4 Qf6
34. Qb1 Kg7 35. Qb7 1/2-1/2

[Event "Paracin 2023"]
[Site "Paracin, Serbia"]
[Date "2023.07.13"]
[Round "7.16"]
[White "Petrovic, Aleksa"]
[Black "Patil, Harshal"]
[Result "0-1"]
[WhiteElo "2311"]
[BlackElo "1969"]
[PlyCount "126"]
[EventDate "2023.??.??"]

1. Nf3 d5 2. g3 Bf5 3. Bg2 e6 4. O-O Nf6 5. c4 c6 6. Qb3 Qb6 7. d3 Nbd7 8. Nc3
h6 9. h3 Bc5 10. Na4 Qxb3 11. axb3 Bb4 12. Be3 O-O 13. Rfc1 Rfe8 14. cxd5 exd5
15. Nd4 Bg6 16. Nc2 Bd6 17. b4 a6 18. Nc3 Rad8 19. Re1 Re7 20. Rad1 Rde8 21.
Bd4 h5 22. Be3 Nh7 23. Bc1 Be5 24. Kf1 h4 25. g4 f5 26. gxf5 Bxf5 27. f4 Bc7
28. e4 dxe4 29. dxe4 Be6 30. Nd4 Rf7 31. Kg1 Bc4 32. b3 Bb5 33. e5 Ndf8 34. Bf3
Bb6 35. Kg2 Bxd4 36. Rxd4 Ne6 37. Rd6 Nxf4+ 38. Bxf4 Rxf4 39. e6 Nf6 40. Ne4
Nxe4 41. Rxe4 Rf6 42. Bg4 c5 43. bxc5 Bc6 44. Rxc6 bxc6 45. Be2 Kf8 46. Bc4 g5
47. Re2 Ke7 48. Re5 Rg8 49. Be2 Rgf8 50. Bc4 Rf2+ 51. Kg1 R2f5 52. Re2 Rxc5 53.
Bxa6 Rf3 54. Bc8 Rg3+ 55. Kf1 Rc1+ 56. Kf2 Rxh3 57. Re5 Rc2+ 58. Kg1 Rxb3 59.
Re1 Rbb2 60. Rd1 Rg2+ 61. Kh1 Rh2+ 62. Kg1 Rbg2+ 63. Kf1 Rh1+ 0-1

[Event "Paracin 2023"]
[Site "Paracin, Serbia"]
[Date "2023.07.13"]
[Round "7.17"]
[White "Kairbekova, Amina"]
[Black "Ajay, Karthikeyan"]
[Result "1/2-1/2"]
[WhiteElo "2173"]
[BlackElo "2441"]
[PlyCount "226"]
[EventDate "2023.??.??"]

1. e4 c5 2. Nf3 d6 3. d4 cxd4 4. Nxd4 Nf6 5. Nc3 a6 6. f3 e6 7. Be3 b5 8. a3 h5
9. Qd2 Nbd7 10. O-O-O Bb7 11. Kb1 Rc8 12. Nb3 Be7 13. Bd4 O-O 14. Be2 Qc7 15.
g4 hxg4 16. Rdg1 e5 17. Be3 d5 18. Nxd5 Nxd5 19. exd5 Nf6 20. h3 Bxd5 21. hxg4
Rfd8 22. Bd3 e4 23. Bf4 Bd6 24. Qh2 Kf8 25. Bxd6+ Rxd6 26. Bxe4 Nxe4 27. fxe4
Bxe4 28. Re1 Rh6 29. Qxc7 Rxc7 30. Rxh6 Bxc2+ 31. Ka1 gxh6 32. Rc1 Rc8 33. Nd4
Bf5 34. Rh1 Bxg4 35. Rxh6 Rc4 36. Nb3 Be6 37. Rh1 Ke7 38. Nd2 Rf4 39. Kb1 Bf5+
40. Ka2 Rf2 41. Rd1 Re2 42. Kb3 a5 43. Kc3 Bg6 44. b3 Ke6 45. Nf1 Ra2 46. Ne3
Be4 47. Rd8 f5 48. Rb8 Re2 49. Nxf5 Rc2+ 50. Kd4 Bxf5 51. Rb6+ Kd7 52. Rxb5 Be6
53. Rxa5 Bxb3 54. Rc5 Ra2 55. Rc3 Be6 56. Kc5 Kc7 57. Kb5+ Kd6 58. Rd3+ Bd5 59.
Kb4 Rc2 60. Rd4 Rb2+ 61. Kc3 Rb3+ 62. Kd2 Rxa3 63. Rh4 Ke5 64. Rh8 Kd4 65. Rd8
Ra2+ 66. Kd1 Rh2 67. Rd7 Rh5 68. Kd2 Rh2+ 69. Kd1 Ke4 70. Rd8 Bc4 71. Rd2 Rh3
72. Rd8 Bd3 73. Kd2 Rh2+ 74. Kc3 Rc2+ 75. Kb3 Rc5 76. Kb4 Rc4+ 77. Kb3 Ke3 78.
Rh8 Rc1 79. Rh3+ Kd4 80. Rh4+ Be4 81. Kb4 Rb1+ 82. Ka4 Rb7 83. Rg4 Rh7 84. Kb4
Rb7+ 85. Ka4 Kd5 86. Rh4 Rb8 87. Rg4 Bc2+ 88. Ka3 Kc5 89. Rh4 Bd3 90. Rg4 Bc4
91. Rg5+ Kd4 92. Ka4 Rb6 93. Rh5 Kc3 94. Rh3+ Bd3 95. Rh5 Rg6 96. Rc5+ Bc4 97.
Rh5 Kd4 98. Kb4 Rb6+ 99. Ka4 Rb2 100. Rh3 Kc5 101. Rh5+ Bd5 102. Rh3 Ra2+ 103.
Ra3 Rh2 104. Rg3 Be6 105. Rc3+ Bc4 106. Rg3 Rh6 107. Ka3 Rb6 108. Rh3 Kd4 109.
Rg3 Be6 110. Rf3 Rb7 111. Rf2 Rb3+ 112. Ka4 Kc5 113. Rf4 Rh3 1/2-1/2

[Event "Paracin 2023"]
[Site "Paracin, Serbia"]
[Date "2023.07.13"]
[Round "7.18"]
[White "Perunovic, Miodrag"]
[Black "Vignesh, B."]
[Result "1-0"]
[WhiteElo "2405"]
[BlackElo "2197"]
[PlyCount "69"]
[EventDate "2023.??.??"]

1. e4 c5 2. Nc3 Nc6 3. Bb5 g6 4. Bxc6 dxc6 5. d3 Bg7 6. Be3 b6 7. Qd2 e5 8. f4
exf4 9. Bxf4 h6 10. Nf3 Be6 11. O-O-O Ne7 12. Kb1 Qd7 13. Ne5 Qb7 14. Rhf1
O-O-O 15. Bg3 Rhf8 16. Qe1 g5 17. Nf3 Ng6 18. h4 g4 19. Ng1 h5 20. Nge2 Qa6 21.
Qf2 Bd4 22. Qe1 b5 23. b3 Bg7 24. Qf2 Qa3 25. Qe3 Bd4 26. Qg5 Qb4 27. Nxd4 cxd4
28. Ne2 Kb7 29. Rf6 Rg8 30. Rdf1 Rd7 31. Be1 Qe7 32. Qxh5 a5 33. Qg5 a4 34. b4
Rdd8 35. Rxg6 1-0

[Event "Paracin 2023"]
[Site "Paracin, Serbia"]
[Date "2023.07.13"]
[Round "7.19"]
[White "Dvalishvili, Pavel S."]
[Black "Marjanovic, Rastko"]
[Result "1-0"]
[WhiteElo "2394"]
[BlackElo "2072"]
[PlyCount "111"]
[EventDate "2023.??.??"]

1. e4 e5 2. Nf3 Nc6 3. Bb5 a6 4. Ba4 Nge7 5. O-O g6 6. d4 exd4 7. Nxd4 Bg7 8.
Nxc6 Nxc6 9. Nc3 O-O 10. Bf4 b5 11. Bb3 Na5 12. Qd2 Nxb3 13. axb3 Bb7 14. Bg5
f6 15. Bh6 Bxh6 16. Qxh6 Qe7 17. Rfe1 Rae8 18. Qd2 Qf7 19. Qd4 d6 20. b4 f5 21.
f3 fxe4 22. Nxe4 Qg7 23. Qxg7+ Kxg7 24. Ng5 Bc8 25. Kf2 h6 26. Ne4 Bb7 27. Nd2
Kf7 28. Rxe8 Rxe8 29. Ra3 c5 30. Rd3 Ke7 31. Re3+ Kd7 32. Rxe8 Kxe8 33. c3 Bd5
34. Ke3 Ke7 35. h4 g5 36. hxg5 hxg5 37. Ne4 cxb4 38. cxb4 g4 39. fxg4 Ke6 40.
Kd4 Ba8 41. g3 Bc6 42. g5 Kf5 43. Nxd6+ Kxg5 44. Kc5 Bd7 45. Kb6 Kg4 46. Kxa6
Kxg3 47. Nxb5 Kf4 48. Kb6 Ke3 49. Kc5 Kd3 50. Nd4 Bc8 51. b5 Bb7 52. b4 Kc3 53.
Nc6 Ba8 54. Na5 Kb2 55. b6 Ka3 56. b7 1-0

[Event "Paracin 2023"]
[Site "Paracin, Serbia"]
[Date "2023.07.13"]
[Round "7.20"]
[White "Beukes, Dante M"]
[Black "Yatzenko, Anton"]
[Result "1/2-1/2"]
[WhiteElo "2180"]
[BlackElo "2335"]
[PlyCount "112"]
[EventDate "2023.??.??"]

1. e4 c5 2. Nf3 Nc6 3. Bb5 d6 4. O-O Bd7 5. Re1 Nf6 6. c3 a6 7. Bxc6 Bxc6 8. d4
Bxe4 9. Bg5 Bc6 10. Bxf6 gxf6 11. d5 Bd7 12. Nbd2 Qc7 13. a4 O-O-O 14. b4 Kb8
15. b5 a5 16. b6 Qxb6 17. Qe2 Qa6 18. Qe4 f5 19. Qc2 Rg8 20. Nf1 e6 21. c4 Bh6
22. Rab1 Rg4 23. N3d2 Rdg8 24. g3 Bxd2 25. Nxd2 h5 26. Re3 exd5 27. Reb3 dxc4
28. Rb6 Qa7 29. Nxc4 Bc8 30. Qc3 Ka8 31. R6b5 Be6 32. Rxa5 Bxc4 33. Rxa7+ Kxa7
34. Qa5+ Ba6 35. Qb6+ Ka8 36. Qxd6 h4 37. Qxc5 hxg3 38. fxg3 f4 39. Rb3 fxg3
40. Rxg3 Rxg3+ 41. hxg3 Rxg3+ 42. Kf2 Rd3 43. a5 Rd1 44. Ke3 Rf1 45. Kd4 f6 46.
Qc8+ Ka7 47. Qc5+ Ka8 48. Qc3 Rd1+ 49. Kc5 f5 50. Qh8+ Ka7 51. Qf6 Rc1+ 52. Kd4
Rc4+ 53. Kd5 Rb4 54. Kd6 f4 55. Qe5 Rc4 56. Kd5 Ka8 1/2-1/2